[Event "Berlin Eckbauer op 20th"]
[Site "Berlin"]
[Date "2017.10.09"]
[Round "1"]
[White "Gebigke, Lena"]
[Black "Stark, Wolfgang"]
[Result "0-1"]
[WhiteElo "1653"]
[BlackElo "2018"]
[PlyCount "113"]
[EventDate "2017.10.09"]
[EventType "swiss"]
[EventRounds "7"]
[EventCountry "GER"]
[SourceTitle "CBM 189 Extra"]
[Source "ChessBase"]
[SourceDate "2019.06.03"]
[SourceVersion "1"]
[SourceVersionDate "2019.06.03"]
[SourceQuality "1"]

1. Nf3 d5 2. d4 c5 3. c4 e6 4. Bf4 Nf6 5. e3 cxd4 6. exd4 Bb4+ 7. Nc3 Nc6 8. a3 Bxc3+ 9. bxc3 h6 10. Be2 Ne4 11. Qb3 0-0 12. 0-0 g5 13. Be3 f5 14. cxd5 Na5 15. Qc2 exd5 16. c4 Be6 17. Nd2 Nxd2 18. Bxd2 Nxc4 19. Bb4 Rf6 20. Bd3 f4 21. Rfe1 Qd7 22. Bxc4 dxc4 23. Qc3 Bd5 24. Re7 Qc6 25. Qc2 Rf7 26. Rae1 a5 27. R1e6 Qxe6 28. Rxe6 axb4 29. Qg6+ Rg7 30. Re8+ Rxe8 31. Qxe8+ Kh7 32. axb4 c3 33. Qb5 Be4 34. f3 c2 35. Qc4 Bf5 36. Qc5 Bd3 37. d5 Rd7 38. d6 Rxd6 39. Qc7+ Kg8 40. Qc8+ Kf7 41. Qxb7+ Kf6 42. Qc7 Rd5 43. Qc3+ Ke6 44. Kf2 Re5 45. Qc6+ Kf7 46. Qc7+ Re7 47. Qc3 Ra7 48. Ke1 Bf5 49. Qc4+ Kg6 50. Qc3 Rd7 51. Qd2 Rxd2 52. Kxd2 Kf6 53. g4 fxg3 54. hxg3 Ke7 55. g4 Bg6 56. Kc1 Kd6 57. Kd2 0-1

[Event "Berlin Eckbauer op 19th"]
[Site "Berlin"]
[Date "2016.11.21"]
[Round "6"]
[White "Gebigke, Lena"]
[Black "Meinicke, Kurt"]
[Result "0-1"]
[WhiteElo "1639"]
[BlackElo "1514"]
[PlyCount "106"]
[EventDate "2016.10.10"]
[EventType "swiss"]
[EventRounds "7"]
[EventCountry "GER"]
[SourceTitle "EXT 2022"]
[Source "ChessBase"]
[SourceDate "2021.10.06"]
[SourceVersion "1"]
[SourceVersionDate "2021.10.06"]
[SourceQuality "1"]

1. d4 d5 2. Nf3 Nf6 3. g3 e6 4. Bg2 c5 5. c4 b6 6. 0-0 cxd4 7. cxd5 Nxd5 8. Qa4+ Bd7 9. Qxd4 Nc6 10. Qd1 Rc8 11. e4 Nde7 12. Nc3 Ng6 13. Nb5 Bc5 14. Nd6+ Bxd6 15. Qxd6 e5 16. Bg5 f6 17. Be3 Qc7 18. Qa3 Kf7 19. Rac1 Qb7 20. Nd2 Be6 21. Rfd1 Rhd8 22. Bf1 b5 23. Nb3 Rxd1 24. Rxd1 b4 25. Qa4 a5 26. Rc1 Qa8 27. Nc5 Nf8 28. Nxe6 Nxe6 29. Bb5 Ned4 30. Bxd4 Nxd4 31. Rxc8 Qxc8 32. Qxa5 Qh3 33. Qc7+ Kg6 34. f4 Nxb5 35. f5+ Kh6 36. Qc1+ Kh5 37. Qc4 Nd4 38. Qd3 Qg4 39. Kf2 Qh3 40. Kg1 Kg4 41. Qf1 Nf3+ 42. Kf2 Qxh2+ 43. Qg2 Qxg2+ 44. Kxg2 Nd2 45. a4 Nxe4 46. a5 Nc5 47. Kf2 Kxf5 48. Ke3 h5 49. Kf3 g5 50. Ke3 h4 51. Kf3 e4+ 52. Kf2 Kg4 53. gxh4 gxh4 0-1

[Event "Berlin Cup KO"]
[Site "Berlin"]
[Date "2016.09.08"]
[Round "1.10"]
[White "Gebigke, Lena"]
[Black "Keskowski, Thilo"]
[Result "0-1"]
[WhiteElo "1557"]
[BlackElo "2043"]
[PlyCount "76"]
[EventDate "2016.09.08"]
[EventType "k.o."]
[EventRounds "5"]
[EventCountry "GER"]
[SourceTitle "EXT 2022"]
[Source "ChessBase"]
[SourceDate "2021.10.06"]
[SourceVersion "1"]
[SourceVersionDate "2021.10.06"]
[SourceQuality "1"]

1. Nf3 d5 2. d4 c6 3. g3 e6 4. Bg2 f5 5. Nbd2 Nf6 6. Ne5 Nbd7 7. Ndf3 Nxe5 8. Nxe5 Bd6 9. Bf4 0-0 10. Qd3 c5 11. 0-0 cxd4 12. Qxd4 Ne4 13. Nd3 Bxf4 14. Nxf4 Qf6 15. Qb4 a5 16. Qb5 Nd6 17. Qc5 Ra6 18. c3 Bd7 19. Qd4 Qxd4 20. cxd4 Rc8 21. Nd3 b6 22. Rac1 Raa8 23. Ne5 Bb5 24. b3 Bxe2 25. Rfe1 Bb5 26. g4 Ne4 27. gxf5 exf5 28. Bxe4 dxe4 29. d5 Rxc1 30. Rxc1 Re8 31. Nc4 Rc8 32. d6 Bxc4 33. d7 Rd8 34. Rxc4 Rxd7 35. Rc6 Rd1+ 36. Kg2 Rd2 37. Rxb6 e3 38. Rb8+ Kf7 0-1

[Event "Berlin Eckbauer op 18th"]
[Site "Berlin"]
[Date "2015.10.05"]
[Round "1"]
[White "Gebigke, Lena"]
[Black "Tuerschmann, Steffen"]
[Result "0-1"]
[WhiteElo "1655"]
[BlackElo "1952"]
[PlyCount "72"]
[EventDate "2015.10.05"]
[EventType "swiss"]
[EventRounds "7"]
[EventCountry "GER"]
[SourceTitle "EXT 2022"]
[Source "ChessBase"]
[SourceDate "2021.10.06"]
[SourceVersion "1"]
[SourceVersionDate "2021.10.06"]
[SourceQuality "1"]

1. Nf3 d6 2. d4 Nf6 3. c4 g6 4. g3 Bg7 5. Bg2 c6 6. Nc3 0-0 7. 0-0 Nbd7 8. e4 Qc7 9. h3 e5 10. Be3 b6 11. Rc1 Bb7 12. b4 Rad8 13. Qc2 exd4 14. Nxd4 Ne5 15. Nce2 c5 16. Nb5 Qb8 17. bxc5 dxc5 18. Bf4 Nh5 19. Rfd1 a6 20. Rxd8 Rxd8 21. Nbc3 Nxf4 22. Nxf4 Nxc4 23. Ncd5 b5 24. a4 Bd4 25. h4 Bxd5 26. Nxd5 Na3 27. Qe2 Qd6 28. Qd3 b4 29. Bf1 a5 30. Kg2 Kf8 31. f4 f5 32. Ne3 Bxe3 33. Qxe3 Qd2+ 34. Kf3 fxe4+ 35. Qxe4 Qxc1 36. Be2 Qh1+ 0-1

[Event "Berlin Cup final"]
[Site "Berlin"]
[Date "2015.09.17"]
[Round "3.5"]
[White "Wolf, Manfred"]
[Black "Gebigke, Lena"]
[Result "1-0"]
[WhiteElo "1903"]
[BlackElo "1633"]
[PlyCount "101"]
[EventDate "2015.09.17"]
[EventType "k.o."]
[EventRounds "6"]
[EventCountry "GER"]
[SourceTitle "EXT 2022"]
[Source "ChessBase"]
[SourceDate "2021.10.06"]
[SourceVersion "1"]
[SourceVersionDate "2021.10.06"]
[SourceQuality "1"]

1. Nf3 Nf6 2. c4 g6 3. b4 Bg7 4. Bb2 0-0 5. e3 c5 6. bxc5 Qa5 7. Be2 Nc6 8. 0-0 Qxc5 9. d4 Qb6 10. Qc1 d5 11. Nc3 dxc4 12. Bxc4 Na5 13. Bd3 Be6 14. Na4 Qb4 15. Nc5 Rfc8 16. Bc3 Qb6 17. Rb1 Qc7 18. Qa3 Nc4 19. Bxc4 Bxc4 20. Rxb7 Qd6 21. Rfb1 Bd5 22. R7b2 Ne4 23. Bb4 Qc6 24. Qa6 Qe8 25. Qd3 a5 26. Ba3 Nd6 27. Nd2 f5 28. f3 g5 29. e4 fxe4 30. fxe4 Bf7 31. e5 Bg6 32. Qb3+ Nf7 33. Rf1 Rab8 34. Qc3 Qc6 35. Rxb8 Rxb8 36. Qf3 Qb6 37. Qd5 Rd8 38. Qe6 Qb5 39. Nf3 Kh8 40. Qxe7 Bf8 41. Qc7 Qe2 42. Re1 Qxa2 43. Bc1 Qd5 44. e6 g4 45. exf7 gxf3 46. Ne6 Rd7 47. Nxf8 Rxf7 48. Nxg6+ hxg6 49. Qe5+ Qxe5 50. Rxe5 f2+ 51. Kf1 1-0

[Event "Berlin Eckbauer op 17th"]
[Site "Berlin"]
[Date "2014.10.13"]
[Round "2"]
[White "Gebigke, Lena"]
[Black "Uebelhoede, Klaus"]
[Result "1-0"]
[WhiteElo "1584"]
[BlackElo "1082"]
[PlyCount "43"]
[EventDate "2014.10.06"]
[EventType "swiss"]
[EventRounds "7"]
[EventCountry "GER"]
[SourceTitle "EXT 2022"]
[Source "ChessBase"]
[SourceDate "2021.10.06"]
[SourceVersion "1"]
[SourceVersionDate "2021.10.06"]
[SourceQuality "1"]

1. Nf3 d5 2. d4 Nf6 3. g3 e6 4. Bg2 c6 5. 0-0 Nbd7 6. c4 b6 7. Nc3 Be7 8. Qc2 Ng8 9. Bf4 Ba6 10. cxd5 cxd5 11. Rac1 Ngf6 12. Qa4 Bc4 13. b3 b5 14. Nxb5 Bxb5 15. Qxb5 0-0 16. Rc2 Ba3 17. Qa6 Qe7 18. Rc7 Nb8 19. Qb7 Nbd7 20. Ne5 Rfb8 21. Qc6 Rb6 22. Qxa8+ 1-0

[Event "Berlin Eckbauer op 17th"]
[Site "Berlin"]
[Date "2014.10.06"]
[Round "1"]
[White "Oginski, Ulrich"]
[Black "Gebigke, Lena"]
[Result "1-0"]
[WhiteElo "1943"]
[BlackElo "1584"]
[PlyCount "59"]
[EventDate "2014.10.06"]
[EventType "swiss"]
[EventRounds "7"]
[EventCountry "GER"]
[SourceTitle "EXT 2022"]
[Source "ChessBase"]
[SourceDate "2021.10.06"]
[SourceVersion "1"]
[SourceVersionDate "2021.10.06"]
[SourceQuality "1"]

1. c4 Nf6 2. Nc3 e5 3. g3 c6 4. d4 exd4 5. Qxd4 Be7 6. Bg2 d6 7. Nf3 Na6 8. a3 h6 9. 0-0 0-0 10. b4 Be6 11. Rb1 Qd7 12. Rd1 Rfd8 13. Nd2 d5 14. cxd5 cxd5 15. Bb2 Bf5 16. Rbc1 Nc7 17. e4 Ne6 18. Qe5 Bg4 19. exd5 Ng5 20. Re1 Re8 21. Qd4 Qf5 22. Re5 Bc5 23. Rxe8+ Rxe8 24. bxc5 Nh3+ 25. Kf1 Qh5 26. Re1 Bd7 27. Rxe8+ Bxe8 28. Bf3 Qf5 29. Nce4 Nxd5 30. Qxg7# 1-0

[Event "Berlin-ch QT"]
[Site "Berlin"]
[Date "2014.04.21"]
[Round "3"]
[White "Seefeld, Marc"]
[Black "Gebigke, Lena"]
[Result "1-0"]
[WhiteElo "1881"]
[BlackElo "1507"]
[PlyCount "91"]
[EventDate "2014.04.19"]
[EventType "swiss"]
[EventRounds "9"]
[EventCountry "GER"]
[SourceTitle "EXT 2022"]
[Source "ChessBase"]
[SourceDate "2021.10.06"]
[SourceVersion "1"]
[SourceVersionDate "2021.10.06"]
[SourceQuality "1"]

1. e4 c5 2. Nf3 d6 3. d4 cxd4 4. Nxd4 Nf6 5. Nc3 a6 6. Be2 e5 7. Nb3 Be6 8. 0-0 Nbd7 9. Be3 Nb6 10. f3 Be7 11. Qe1 Nc4 12. Bxc4 Bxc4 13. Rf2 b5 14. Rd2 Qc7 15. Qf2 Nd7 16. Rad1 0-0 17. g4 Rac8 18. Nc1 Qc6 19. Nd5 Bd8 20. Nb4 Qb7 21. Rxd6 Be6 22. Rxa6 Rc4 23. Ra7 Qc8 24. c3 Nf6 25. h3 Bxg4 26. hxg4 Nxg4 27. Qe2 Nxe3 28. Qxe3 Qh3 29. Rd2 Rxe4 30. Qxe4 Bb6+ 31. Rd4 exd4 32. Rb7 Bd8 33. cxd4 Qg3+ 34. Kf1 Bh4 35. Qe3 Qh3+ 36. Ke2 Qg2+ 37. Kd3 Qg6+ 38. Qe4 Qg3 39. Ne2 Qf2 40. Nc6 Qe1 41. Kc2 Bg5 42. Nc3 Qc1+ 43. Kb3 Qf1 44. Rxb5 Bf6 45. Ne7+ Kh8 46. Qxh7+ 1-0

[Event "Berlin Eckbauer op 15th"]
[Site "Berlin"]
[Date "2012.11.12"]
[Round "5.33"]
[White "Gebigke, Lena"]
[Black "Lippianowski, Stefan"]
[Result "1-0"]
[WhiteElo "1474"]
[BlackElo "1250"]
[PlyCount "75"]
[EventDate "2012.10.15"]
[EventType "swiss"]
[EventRounds "7"]
[EventCountry "GER"]
[SourceTitle "EXT 2022"]
[Source "ChessBase"]
[SourceDate "2021.10.06"]
[SourceVersion "1"]
[SourceVersionDate "2021.10.06"]
[SourceQuality "1"]

1. d4 d5 2. Nf3 Nc6 3. g3 Bf5 4. Bg2 Nf6 5. 0-0 Nb4 6. Na3 e6 7. c3 Nc6 8. Bf4 Bd6 9. Be5 Rg8 10. c4 Ne4 11. Qb3 Qd7 12. Qxb7 Rb8 13. Qa6 f6 14. Bxd6 Rb6 15. Qa4 Qxd6 16. c5 Rb4 17. Qxb4 Nxb4 18. cxd6 Nxd6 19. Rfe1 Ne4 20. Nb5 Kf7 21. a3 Nc2 22. Rac1 Nxe1 23. Rxc7+ Kg6 24. Nxe1 Rb8 25. Nxa7 Rxb2 26. Nd3 Rb1+ 27. Rc1 Rb3 28. Nc6 Rxa3 29. Ne7+ Kf7 30. Nxf5 exf5 31. Nf4 Ra2 32. f3 Nd6 33. Kf2 Ra4 34. Rc7+ Kf8 35. Ne6+ Ke8 36. Rxg7 Ra6 37. Rxh7 Nf7 38. Nc7+ 1-0

[Event "Berlin Eckbauer op 15th"]
[Site "Berlin"]
[Date "2012.10.22"]
[Round "2.19"]
[White "Lampe, Christian"]
[Black "Gebigke, Lena"]
[Result "1/2-1/2"]
[WhiteElo "1675"]
[BlackElo "1474"]
[PlyCount "113"]
[EventDate "2012.10.15"]
[EventType "swiss"]
[EventRounds "7"]
[EventCountry "GER"]
[SourceTitle "EXT 2022"]
[Source "ChessBase"]
[SourceDate "2021.10.06"]
[SourceVersion "1"]
[SourceVersionDate "2021.10.06"]
[SourceQuality "1"]

1. c4 c5 2. g3 Nf6 3. Bg2 g6 4. Nc3 Bg7 5. e4 Nc6 6. Nge2 e5 7. 0-0 0-0 8. d3 a6 9. h3 d6 10. f4 exf4 11. Bxf4 Nh5 12. Qd2 Nd4 13. Kh2 Nxe2 14. Nxe2 Nxf4 15. Nxf4 Rb8 16. Rad1 b5 17. b3 a5 18. Nd5 Bb7 19. Nc3 b4 20. Ne2 a4 21. d4 cxd4 22. Nxd4 Be5 23. Nb5 Qh4 24. Qe3 Rbd8 25. Rd3 axb3 26. axb3 Qe7 27. Qd2 Bc3 28. Nxc3 bxc3 29. Qxc3 Bxe4 30. Bxe4 Qxe4 31. Re3 Qb7 32. Qf6 Ra8 33. Rf2 Qb6 34. Re7 Ra7 35. Rxa7 Qxa7 36. Re2 Qb8 37. Qc3 Qa7 38. Qe3 Qa3 39. Rd2 Rb8 40. Rd3 Qc5 41. Kg2 Qxe3 42. Rxe3 Rb6 43. Kf3 f6 44. Ke4 Kg7 45. Kd4 h6 46. Kc3 f5 47. b4 g5 48. b5 h5 49. Kd4 Kf6 50. h4 f4 51. hxg5+ Kxg5 52. gxf4+ Kxf4 53. Rb3 h4 54. c5 dxc5+ 55. Kxc5 Rb8 56. b6 Kg4 57. b7 1/2-1/2

[Event "Berlin Eckbauer op 14th"]
[Site "Berlin"]
[Date "2011.11.28"]
[Round "7.29"]
[White "Bartoszek, Norbert"]
[Black "Gebigke, Lena"]
[Result "1-0"]
[WhiteElo "1406"]
[BlackElo "1432"]
[PlyCount "69"]
[EventDate "2011.10.17"]
[EventType "swiss"]
[EventRounds "7"]
[EventCountry "GER"]
[SourceTitle "EXT 2022"]
[Source "ChessBase"]
[SourceDate "2021.10.06"]
[SourceVersion "1"]
[SourceVersionDate "2021.10.06"]
[SourceQuality "1"]

1. e4 c5 2. Nf3 Nc6 3. d4 cxd4 4. Nxd4 d6 5. Nc3 g6 6. Be3 Bg7 7. f3 Nf6 8. Qd2 0-0 9. Bc4 Bd7 10. 0-0-0 a6 11. h4 b5 12. Bb3 h5 13. Nxc6 Bxc6 14. Bh6 a5 15. a3 Kh7 16. Bxg7 Kxg7 17. Nd5 Nd7 18. g4 e6 19. Ne3 Ne5 20. Qd4 Qf6 21. gxh5 Qxf3 22. hxg6 Qxe4 23. gxf7 Qxd4 24. Rhg1+ Kxf7 25. Rxd4 Nf3 26. Rf1 Ke7 27. Rg4 Rf7 28. Rg6 Bd7 29. h5 Raf8 30. h6 d5 31. c3 Kd6 32. Bc2 Be8 33. Rg7 e5 34. Rg6+ Kc5 35. b4+ 1-0

[Event "Berlin Eckbauer op 14th"]
[Site "Berlin"]
[Date "2011.11.21"]
[Round "6.21"]
[White "Gebigke, Lena"]
[Black "Bender, Sebastian1111"]
[Result "0-1"]
[WhiteElo "1432"]
[BlackElo "1889"]
[PlyCount "96"]
[EventDate "2011.10.17"]
[EventType "swiss"]
[EventRounds "7"]
[EventCountry "GER"]
[SourceTitle "EXT 2022"]
[Source "ChessBase"]
[SourceDate "2021.10.06"]
[SourceVersion "1"]
[SourceVersionDate "2021.10.06"]
[SourceQuality "1"]

1. d4 d5 2. Nf3 Nf6 3. g3 c5 4. c4 e6 5. Bg2 Nc6 6. 0-0 Be7 7. Nc3 0-0 8. b3 dxc4 9. bxc4 Na5 10. Qd3 cxd4 11. Nxd4 Qc7 12. Ncb5 Qxc4 13. Qxc4 Nxc4 14. Nc7 Rb8 15. Bg5 h6 16. Rac1 Nb6 17. Bf4 g5 18. Be5 Nfd7 19. Na6 bxa6 20. Bxb8 Nxb8 21. Rc7 Bf6 22. Nb3 Be5 23. Rc2 Bd7 24. Rfc1 Bb5 25. Kf1 N8d7 26. Rd1 Nf6 27. Rc5 Nfd5 28. Nd4 Ba4 29. Rd2 Bd6 30. Rc1 Ba3 31. Ra1 Rc8 32. Bxd5 Nxd5 33. Rd3 Rc3 34. Nb3 Bb2 35. Rb1 Rxd3 36. exd3 Bc3 37. Nc5 Bb5 38. a4 Bd4 39. axb5 Bxc5 40. Rc1 Bb6 41. Rc8+ Kg7 42. bxa6 Nb4 43. Ke2 Nxa6 44. Kd2 Bxf2 45. Kc3 Bb6 46. Kc4 Nc7 47. Rb8 Nd5 48. Kb5 Ne3 0-1

[Event "Berlin Eckbauer op 14th"]
[Site "Berlin"]
[Date "2011.11.14"]
[Round "5.29"]
[White "Meinicke, Kurt"]
[Black "Gebigke, Lena"]
[Result "0-1"]
[WhiteElo "1533"]
[BlackElo "1432"]
[PlyCount "63"]
[EventDate "2011.10.17"]
[EventType "swiss"]
[EventRounds "7"]
[EventCountry "GER"]
[SourceTitle "EXT 2022"]
[Source "ChessBase"]
[SourceDate "2021.10.06"]
[SourceVersion "1"]
[SourceVersionDate "2021.10.06"]
[SourceQuality "1"]

1. d4 Nf6 2. c4 d6 3. Nf3 g6 4. Bg5 Bg7 5. Nc3 0-0 6. e3 c6 7. Be2 Nbd7 8. 0-0 h6 9. Bxf6 Nxf6 10. h3 Qc7 11. e4 Rd8 12. Qc2 Bd7 13. Rac1 Rac8 14. Rfe1 Nh5 15. Qd2 e5 16. d5 Nf4 17. Nh2 f5 18. exf5 Bxf5 19. Bg4 Qf7 20. Bxf5 Qxf5 21. Ne4 cxd5 22. Ng3 Qf7 23. Rc3 dxc4 24. Rf3 Qd5 25. Qe3 Qa5 26. Ngf1 Qxa2 27. Rxf4 exf4 28. Qe6+ Kh7 29. Ng4 Qxb2 30. Qe7 Re8 31. Qf7 Rxe1 32. Nxh6 0-1